| 000 | 01660nam a2200277Ia 4500 | ||
|---|---|---|---|
| 999 |
_c34430 _d34430 |
||
| 001 | 171 | ||
| 003 | GE_BSU | ||
| 005 | 20211129112317.0 | ||
| 008 | 181216s2006||||ge |||||||||||||| ||geo|| | ||
| 040 | _cGE_BSU | ||
| 041 | _ageo | ||
| 080 | _a347.7(075.8) ა-58 | ||
| 100 |
_aამილახვარი, ზაურ _913091 |
||
| 245 |
_aსაერთაშორისო ბიზნესის სამართალი = International Business Law = Международное бизнесовое право : _b[სახელმძღვ. სტუდ.] / _cზაურ ამილახვარი, გიორგი ამილახვარი ; [რედ.: ქეთევან ქოქრაშვილი (მთ. რედ.), კახაბერ ესაძე] ; საქ. საგადასახადო-საბაჟო აკად. |
||
| 264 |
_aთბილისი : _bინოვაცია, _c2006. |
||
| 300 |
_a462 გვ. _b 20 სმ. |
||
| 504 | _aბიბლიოგრ. ტექსტ. შენიშვნ. | ||
| 541 | _h18 ლ. | ||
| 653 | _aბიზნესის სამართალი | ||
| 653 | _aსავაჭრო სამართალი | ||
| 700 |
_aამილახვარი, გიორგი _eავტორი _913092 |
||
| 700 |
_aქოქრაშვილი, ქეთევან _eრედაქტორი _913093 |
||
| 700 |
_aესაძე, კახაბერ _eრედაქტორი _913094 |
||
| 710 |
_aსაქ. საგადასახადო-საბაჟო აკადემია _913095 |
||
| 942 |
_cBK _2udc |
||